[Event "Paulista-chT Interclubes"]
[Site "Sao Paulo"]
[Date "2012.02.??"]
[Round "4"]
[White "Dias, Andre Luiz Alexandr"]
[Black "Gattass, Allan Arriada"]
[Result "0-1"]
[WhiteElo "1982"]
[BlackElo "2258"]
[PlyCount "138"]
[EventDate "2012.02.25"]
[EventType "team-tourn"]
[EventRounds "7"]
[EventCountry "BRA"]
[SourceTitle "EXT 2022"]
[Source "ChessBase"]
[SourceDate "2021.10.06"]
[SourceVersion "1"]
[SourceVersionDate "2021.10.06"]
[SourceQuality "1"]
[WhiteTeam "Sao Jose Guaira"]
[BlackTeam "Rio Preto AC"]
[WhiteTeamCountry "BRA"]
[BlackTeamCountry "BRA"]

1. Nf3 c5 2. c4 Nf6 3. b3 g6 4. e3 d5 5. cxd5 Bg7 6. Bb2 0-0 7. Be2 Qxd5 8. 0-0 Nc6 9. Na3 Bf5 10. Bc4 Qd6 11. Nb5 Qd7 12. Ne5 Nxe5 13. Bxe5 Rfd8 14. d4 a6 15. Nc3 b5 16. Be2 cxd4 17. exd4 Rac8 18. Qe1 Qc6 19. Nd1 Ne8 20. Bf3 Qd7 21. Bxg7 Nxg7 22. d5 Bd3 23. Be2 Bxe2 24. Qxe2 Nf5 25. Ne3 Nxe3 26. Qxe3 Qb7 27. Rfe1 Rc7 28. a4 Rxd5 29. axb5 Qxb5 30. b4 Rcd7 31. Qe4 e6 32. h3 R7d6 33. Ra5 Qb6 34. Rxd5 Rxd5 35. Rc1 Qd6 36. Rc8+ Kg7 37. g3 Rd1+ 38. Kg2 Rd4 39. Rc6 Qxg3+ 40. Kxg3 Rxe4 41. Rxa6 Rxb4 42. Ra3 h6 43. Re3 g5 44. Ra3 Rd4 45. Re3 Kg6 46. Ra3 e5 47. Re3 e4 48. Kg2 h5 49. Ra3 Rd2 50. Ra6+ Kg7 51. Ra3 Rd5 52. Re3 Re5 53. Ra3 Kg6 54. Ra6+ Re6 55. Ra3 f5 56. Kf1 h4 57. Kg2 f4 58. Kf1 g4 59. hxg4 Kg5 60. Kg2 Kxg4 61. Rb3 Rh6 62. Kh2 h3 63. Ra3 Rd6 64. Rxh3 Rd2 65. Ra3 Rxf2+ 66. Kg1 e3 67. Rb3 Kg3 68. Ra3 Rb2 69. Kf1 f3 0-1

[Event "Paulista-chT Interclubes"]
[Site "Sao Paulo"]
[Date "2012.02.??"]
[Round "2"]
[White "Dias, Andre Luiz Alexandr"]
[Black "Vescovi, Giovanni P"]
[Result "0-1"]
[WhiteElo "1982"]
[BlackElo "2604"]
[PlyCount "100"]
[EventDate "2012.02.25"]
[EventType "team-tourn"]
[EventRounds "7"]
[EventCountry "BRA"]
[SourceTitle "EXT 2022"]
[Source "ChessBase"]
[SourceDate "2021.10.06"]
[SourceVersion "1"]
[SourceVersionDate "2021.10.06"]
[SourceQuality "1"]
[WhiteTeam "Sao Jose Guaira"]
[BlackTeam "Pinheiros EC"]
[WhiteTeamCountry "BRA"]
[BlackTeamCountry "BRA"]

1. Nf3 d5 2. d4 c6 3. Bf4 Qb6 4. Qc1 Bg4 5. Nbd2 Nd7 6. e3 e6 7. h3 Bh5 8. Be2 Ngf6 9. a3 c5 10. 0-0 cxd4 11. exd4 Bd6 12. Be3 0-0 13. Bd3 Qc7 14. c3 Rab8 15. Qc2 Rfc8 16. Rfe1 b5 17. Rac1 a5 18. Qb1 Bg6 19. Bxg6 hxg6 20. Nf1 Qb7 21. N3d2 Nb6 22. Nb3 Nc4 23. Bg5 Ne4 24. Bh4 b4 25. cxb4 axb4 26. f3 bxa3 27. bxa3 Bxa3 28. Rc2 Ned6 29. Nbd2 Qa7 30. Qa1 Rb2 31. Rxb2 Qxd4+ 32. Bf2 Qxb2 33. Bd4 Qxd4+ 34. Qxd4 Bc5 35. Nb3 Bxd4+ 36. Nxd4 Nf5 37. Nb3 Rb8 38. Nc5 Rb2 39. Nd3 Ra2 40. Nf4 g5 41. Nd3 Nh4 42. Nf2 Kh7 43. Ng3 Kg6 44. Nf1 e5 45. Rd1 d4 46. Rd3 f6 47. g3 Nf5 48. Nd1 Rc2 49. Kh1 Rc1 50. Kg2 Rxd1 0-1

[Event "Batatais op 2nd"]
[Site "Batatais"]
[Date "2011.12.17"]
[Round "3"]
[White "Da Silva, Hermes Ludovino"]
[Black "Dias, Andre Luiz Alexandr"]
[Result "0-1"]
[WhiteElo "1431"]
[BlackElo "2017"]
[PlyCount "82"]
[EventDate "2011.12.16"]
[EventType "swiss"]
[EventRounds "6"]
[EventCountry "BRA"]
[SourceTitle "EXT 2013"]
[Source "ChessBase"]
[SourceDate "2012.11.22"]
[SourceVersion "1"]
[SourceVersionDate "2012.11.22"]
[SourceQuality "1"]

1. Nf3 Nf6 2. g3 c5 3. c4 b6 4. Bg2 Bb7 5. e3 e5 6. d3 Be7 7. e4 d6 8. Nc3 Nbd7 9. a3 0-0 10. 0-0 h6 11. Re1 Re8 12. h3 Nf8 13. b3 Ne6 14. Bb2 Nh7 15. Nd5 Bf8 16. b4 Nhg5 17. b5 Nxf3+ 18. Bxf3 Ng5 19. Bg2 Bxd5 20. cxd5 Qd7 21. Kh2 Qxb5 22. Rb1 Qd7 23. h4 Nh7 24. Bh3 Qb7 25. a4 a6 26. Bc3 b5 27. axb5 axb5 28. Bd2 Ra2 29. Be3 Rea8 30. Qg4 g6 31. Qd1 h5 32. Kg1 b4 33. f4 Bg7 34. g4 hxg4 35. Qxg4 exf4 36. Bxf4 Bd4+ 37. Be3 Bxe3+ 38. Rxe3 Ra1 39. Ree1 Rxb1 40. Rxb1 Qe7 41. h5 Qe5 0-1

[Event "Paulista-chT"]
[Site "Sao Paolo"]
[Date "2011.03.12"]
[Round "6.1"]
[White "Vescovi, Giovanni P"]
[Black "Dias, Andre Luiz Alexandr"]
[Result "1-0"]
[WhiteElo "2631"]
[BlackElo "2054"]
[PlyCount "65"]
[EventDate "2011.02.26"]
[EventType "team-tourn"]
[EventRounds "7"]
[EventCountry "BRA"]
[SourceTitle "CBM 141 Extra"]
[Source "ChessBase"]
[SourceDate "2011.05.03"]
[SourceVersion "1"]
[SourceVersionDate "2011.05.03"]
[SourceQuality "1"]
[WhiteTeam "Pinheiros"]
[BlackTeam "Sao Jose Guaira"]
[WhiteTeamCountry "BRA"]
[BlackTeamCountry "BRA"]

1. d4 Nf6 2. c4 e6 3. Nf3 b6 4. g3 Bb7 5. Bg2 Be7 6. 0-0 0-0 7. Nc3 d6 8. d5 e5 9. e4 a5 10. Be3 Na6 11. Nd2 Bc8 12. h3 Ne8 13. f4 g6 14. Nf3 f6 15. a3 Bd7 16. Qc2 Ng7 17. Kh2 Nh5 18. Rab1 Nb8 19. b4 Be8 20. Ne1 Nd7 21. Nd3 g5 22. f5 Rf7 23. Bf3 Ng7 24. h4 h5 25. g4 hxg4 26. Bxg4 gxh4 27. Rg1 Bf8 28. Rg2 Re7 29. Rbg1 Kh7 30. Qf2 Rf7 31. Qxh4+ Kg8 32. Kh1 Re7 33. Rh2 1-0

[Event "Paulista-chT"]
[Site "Sao Paolo"]
[Date "2011.02.27"]
[Round "3.1"]
[White "Dias, Andre Luiz Alexandr"]
[Black "Cubas, Jose Fernando"]
[Result "0-1"]
[WhiteElo "2054"]
[BlackElo "2463"]
[PlyCount "80"]
[EventDate "2011.02.26"]
[EventType "team-tourn"]
[EventRounds "7"]
[EventCountry "BRA"]
[SourceTitle "CBM 141 Extra"]
[Source "ChessBase"]
[SourceDate "2011.05.03"]
[SourceVersion "1"]
[SourceVersionDate "2011.05.03"]
[SourceQuality "1"]
[WhiteTeam "Sao Jose Guaira"]
[BlackTeam "CXS"]
[WhiteTeamCountry "BRA"]
[BlackTeamCountry "BRA"]

1. Nf3 Nf6 2. g3 d5 3. d3 c6 4. Bg2 Bf5 5. Nbd2 e6 6. b3 h6 7. Bb2 Be7 8. c4 0-0 9. 0-0 a5 10. Qc2 a4 11. bxa4 Qa5 12. Bc3 Qa6 13. Nd4 Bg6 14. Qb3 Nbd7 15. a5 e5 16. N4f3 d4 17. Bb4 c5 18. Ba3 Qxa5 19. Bc1 Ra7 20. Nh4 Bh7 21. Bh3 Re8 22. a3 Bf8 23. f3 Nb6 24. Ne4 Be7 25. Bd2 Qa6 26. Nxf6+ Bxf6 27. Nf5 Na4 28. Rfb1 Bg5 29. Be1 Qe6 30. g4 Bxf5 31. gxf5 Be3+ 32. Kh1 Qf6 33. Qb5 Rea8 34. Qd7 b6 35. Qb5 Nc3 36. Bxc3 dxc3 37. Qb3 Qh4 38. Bg2 Bf4 39. Kg1 Qxh2+ 40. Kf1 Be3 0-1

[Event "Paulista-chT"]
[Site "Sao Paolo"]
[Date "2011.02.26"]
[Round "2"]
[White "Palozi, Paulo Ricardo"]
[Black "Dias, Andre Luiz Alexandr"]
[Result "1-0"]
[WhiteElo "2258"]
[BlackElo "2054"]
[PlyCount "77"]
[EventDate "2011.02.26"]
[EventType "team-tourn"]
[EventRounds "7"]
[EventCountry "BRA"]
[SourceTitle "CBM 141 Extra"]
[Source "ChessBase"]
[SourceDate "2011.05.03"]
[SourceVersion "1"]
[SourceVersionDate "2011.05.03"]
[SourceQuality "1"]
[WhiteTeam "Hebraica"]
[BlackTeam "Sao Jose Guaira"]
[WhiteTeamCountry "BRA"]
[BlackTeamCountry "BRA"]

1. d4 Nf6 2. Nf3 b6 3. g3 Bb7 4. Bg2 c5 5. dxc5 bxc5 6. c4 e6 7. 0-0 Be7 8. Bf4 d6 9. Nc3 e5 10. Bg5 Nbd7 11. Nb5 Qb6 12. a4 a5 13. Nh4 Bxg2 14. Nxg2 h6 15. Bxf6 Nxf6 16. Ne3 g6 17. Nd5 Nxd5 18. Qxd5 0-0 19. Rad1 Ra6 20. e4 Qc6 21. Qd3 f5 22. f3 Kg7 23. Qe2 Raa8 24. Rd5 fxe4 25. Qxe4 Rf6 26. f4 Raf8 27. Re1 Qc8 28. Nxd6 Bxd6 29. fxe5 Rf2 30. Rxd6 R2f5 31. e6 Qb8 32. Rd7+ Kg8 33. e7 Re8 34. Qe6+ Kg7 35. Rd6 Rg5 36. Rf1 h5 37. Qf6+ Kh7 38. Qf7+ Kh6 39. Qf8+ 1-0

[Event "Sao Paulo IRT5 op"]
[Site "Sao Paulo"]
[Date "2006.10.13"]
[Round "3"]
[White "Leal, Paulo Tarcisio Garc"]
[Black "Dias, Andre Luiz Alexandr"]
[Result "1-0"]
[WhiteElo "2218"]
[BlackElo "2072"]
[PlyCount "77"]
[EventDate "2006.10.12"]
[EventType "swiss"]
[EventRounds "7"]
[EventCountry "BRA"]
[SourceTitle "CBM 114 Extra"]
[Source "ChessBase"]
[SourceDate "2006.11.03"]
[SourceVersion "1"]
[SourceVersionDate "2006.11.03"]
[SourceQuality "1"]

1. d4 Nf6 2. c4 e6 3. Nc3 Bb4 4. Qc2 c5 5. e3 b6 6. Bd3 Bb7 7. f3 Nc6 8. Nge2 h6 9. Bd2 cxd4 10. exd4 d5 11. cxd5 exd5 12. 0-0-0 a6 13. Kb1 b5 14. g4 Bd6 15. Rde1 Kf8 16. Nc1 Nxd4 17. Qd1 Ne6 18. h4 Bg3 19. Ref1 Bf4 20. N3e2 Bxd2 21. Qxd2 Qd6 22. Nb3 Nd7 23. Ned4 Nxd4 24. Nxd4 g6 25. h5 Qf6 26. Bc2 Kg7 27. hxg6 fxg6 28. Re1 Ne5 29. f4 Nc4 30. Qc3 Kf7 31. Re6 Qxf4 32. Bxg6+ Kg8 33. Rhe1 Nd2+ 34. Ka1 Ne4 35. Bxe4 dxe4 36. Rg6+ Kf7 37. Rg7+ Ke8 38. Rxb7 Qf6 39. Rxe4+ 1-0